000 00674nmc a2200265 a 4500
003 AR-BaBNM
005 20251128211025.0
008 112020s2002 ||||||||||||||000 | spa||
020 _a84-7112-473-4
040 _cAR-BaBNM
100 1 _aDurkheim, Emile
_d1858-1917
245 1 0 _aLa educación moral
260 _aMadrid
_bEdiciones Morata
_c2002
300 0 _a218 p.
490 0 _aRaíces de la memoria
650 4 _aSOCIOLOGIA DE LA EDUCACION
650 4 _aEDUCACION MORAL
650 4 _aPEDAGOGIA
650 4 _aEDUCACION LAICA
650 4 _aDISCIPLINA
650 4 _aFUNCIONALISMO
700 1 _aManzano, Pablo
_etraductor
942 _cBK
998 _craquel
999 _c17934
_d17934